Geography Quiz

Random Geography or Blitz Quiz

Geography 'T' Blitz Quiz Stats

 Plays Quiz Updated May 22, 2018

Challenge
Share
Tweet
Embed
Score 0/20 Timer 02:00
29 Plays Today
Category Answer % Correct
Asian countryTajikistan
93.2%
US stateTexas
89.3%
African countryTanzania
84.6%
Major island (1000 sq mi+)Tasmania
79.4%
Asian capitalTehran
71.2%
Oceanian countryTonga
70.1%
Canadian provincial capitalToronto
56.1%
North American countryTrinidad and Tobago
55.6%
US state capitalTopeka
54.6%
European countryTurkey
54.4%
Category Answer % Correct
European capitalTirana
47.7%
African capitalTripoli
43.9%
South American lakeTiticaca
35.6%
North American capitalTegucigalpa
33.9%
Olympic Host CitiesTokyo
32.7%
African great lakeTanganyika
23.6%
Major river (1000 mi+)Tigris
21.7%
Oceanian capitalTarawa
15.5%
California City (100K+)Torrance
9.4%
English countyTyne and Wear
7.3%

You're not logged in!

Compare scores with friends on all Sporcle quizzes.
OR
Log In

You Might Also Like...

Show Comments

Extras

Top Quizzes Today


Score Distribution

Your Account Isn't Verified!

In order to create a playlist on Sporcle, you need to verify the email address you used during registration. Go to your Sporcle Settings to finish the process.

Report this User

Report this user for behavior that violates our Community Guidelines.

Details: